| 000 | 00462nam a22001697a 4500 | ||
|---|---|---|---|
| 005 | 20250109120534.0 | ||
| 008 | 250109b |||||||| |||| 00| 0 eng d | ||
| 020 | _a0907675395 | ||
| 040 | _cPK-LaUMT | ||
| 082 |
_a954.0357 _bDRA-A |
||
| 100 |
_aDraper, Alfred _94140 |
||
| 245 |
_aThe Amritsar massacre : _btwilight of the raj / _cby Alfred Draper |
||
| 260 |
_aLondon : _bAshfor ,Buchan & Enright, _c1993 |
||
| 300 | _a301 p. | ||
| 546 | _aEng | ||
| 942 | _cBK | ||
| 999 |
_c136604 _d136604 |
||